000 01124nam a22002775i 4500
001 159820
003 ES-MaACL
005 20230906211820.0
008 951020s1900 sp |||| | spa d
040 _aCAT
_bspa
_cCAT
_dCCPB
080 _a946.71
100 1 _aMiret y Sans, Joaquín.
_981584
245 1 0 _aInvestigación histórica sobre el vizcondado de Castellbó
_b: con datos inéditos de los condes de Urgell y de los vizcondes de Ager /
_cpor Joaquín Miret y Sans.
260 _aBarcelona :
_b[s.n.],
_c1900 (
_fImprenta La Catalana de J. Puigventós)
300 _a388 p., [1] h. pleg. ;
_c21 cm.
505 8 _aIncluye apéndiice con documentos
594 _aTít. al lomo: El vizcondado de Castellbó.
594 _aTextos del apéndice en latín.
600 3 4 _aCastellbó,
_cVizcondes de-
_xHistoria.
_9151187
600 3 4 _aUrgell,
_cCondes de-
_xHistoria.
_9151188
600 3 4 _aÁger,
_cVizcondes de-
_xHistoria.
_9151189
651 4 _aLérida (Provincia)-
_xHistoria-
_yS.V-XV.
_9151190
740 3 _aEl Vizcondado de Castellbó.
852 _aES-MaACL
_jB-374
_z-- Enc. hol.
999 _c159820
_d159820